01896cam a22004454i 4500003000900000005001700009008004100026020001500067020001800082035002000100040003300120082002000153110003500173040001300208245007800221250002300299264005500322300005500377336002100432337002500453338002300478504004000501505069400541526000901235526000901244526000901253526000901262526000901271526000901280526000801289526000801297526000801305526000801313526000801321526000801329541001701337650002701354650002601381650004301407PE-LiUPU20250731184513.0161207s2014 pe r 000 0 spa d a9972718409 a9789972718403 a(Sirsi) a165604 aPE-LiUPUbspacPE-LiUPUerda04a985.01bC322202 aMuseo de Arte de Lima,eautor. aPE-LiUPU0 aCastillo de Huarmey :bel mausoleo imperial wari /cMALI, [y otro más]. aPrimera edición. 1aLima :bAsociación Museo de Arte de Lima,c2014. a348 páginas :bilustraciones ;c29 centímetros atext2rdacontent aunmediated2rdamedia avolume2rdacarrier aBibliografía : páginas 335-345.0 aLa muestra de un descubrimiento. Castillo de Harmey en el MALI -- El fenómero wari: tras las huellas de un imperio prehispánico -- El hallazgo del mausoleo imperial -- Ajuar personal: las mujeres de la élite wari y su atuento -- El ajuar de las dmas nobles de castillode huarmey. Selección -- Élites imperiales y símbolos de poder -- Los rituales funerarias y la identidad de los difuntos en el mausoleo de Castillo de Huarmey -- Los objetos de metal en el mausoleo wari de Huarmey -- Objetos de plata de Castillo de Huarmey: corrosió y tratamiento -- Dos khipus wari del Horizonte medio provenientes de Castillo de Huarmey -- Los textiles de Castillo de Huarmey. Selcción. aP136 aP135 aP134 aP133 aP144 aP143 aP87 aP35 aP20 aP14 aP10 aP06 g003-0047643;04aCultura Wari (Perú).04aArqueología-Perú.04aCastillo de Huarmey - Ancash (Perú).